[Event "15th ETC"]
[Site "Gothenburg SWE"]
[Date "2005.08.02"]
[Round "4"]
[White "Upton,T"]
[Black "Timofeev,Arty"]
[Result "0-1"]
[WhiteElo "2250"]
[BlackElo "2661"]
[EventDate "2005.07.30"]

1. e4 c5 2. Nf3 Nc6 3. d4 cxd4 4. Nxd4 Qb6 5. Nb3 Nf6 6. Nc3 e6 7. Bd3 a6
8. O-O Qc7 9. f4 d6 10. Qe2 b5 11. a3 Be7 12. Bd2 Bb7 13. Rae1 O-O 14. Rf3
g6 15. Rh3 Rfe8 16. e5 dxe5 17. fxe5 Nd7 18. Bf4 Bf8 19. Nd2 Qb6+ 20. Kh1
Nd4 21. Qg4 Nf5 22. Nde4 Bg7 23. Ng5 h6 24. Nge4 Nxe5 25. Nf6+ Bxf6 26.
Bxe5 Qf2 27. Rf1 Qxg2+ 28. Qxg2 Bxg2+ 29. Kxg2 Bxe5 30. Bxf5 exf5 31. Rxh6
Bxc3 32. bxc3 Re3 33. Rh3 Rxh3 34. Kxh3 Rc8 35. Rf3 Rc4 36. Rd3 Ra4 0-1

[Event "15th ETC"]
[Site "Gothenburg SWE"]
[Date "2005.08.02"]
[Round "4"]
[White "Svidler,P"]
[Black "McNab,C"]
[Result "1-0"]
[WhiteElo "2738"]
[BlackElo "2451"]
[EventDate "2005.07.30"]

1. e4 g6 2. d4 d6 3. Nc3 Bg7 4. Be3 a6 5. Nf3 b5 6. Bd3 Bb7 7. e5 Nd7 8. e6
fxe6 9. Ng5 Nf8 10. O-O h6 11. Bxg6+ Nxg6 12. Nxe6 Qd7 13. Nxg7+ Kf7 14.
Nh5 Nf6 15. Nxf6 exf6 16. Qh5 Rag8 17. d5 Re8 18. Bd4 Bc8 19. f3 Qf5 20.
Qxf5 Bxf5 21. g3 Rhg8 22. Kf2 b4 23. Nd1 Bxc2 24. Ne3 Bd3 25. Rfd1 Bb5 26.
Rac1 Rc8 27. Ng4 Rh8 28. Nxf6 Ne7 29. g4 c5 30. dxc6 Nxc6 31. Ne4 Rhd8 32.
Bb6 1-0

[Event "15th ETC"]
[Site "Gothenburg SWE"]
[Date "2005.08.02"]
[Round "4"]
[White "Lopez Martinez,J"]
[Black "Ruck,R"]
[Result "0-1"]
[WhiteElo "2507"]
[BlackElo "2546"]
[EventDate "2005.07.30"]

1. e4 c6 2. d4 d5 3. Nc3 dxe4 4. Nxe4 Bf5 5. Ng3 Bg6 6. h4 h6 7. Nf3 Nd7 8.
h5 Bh7 9. Bd3 Bxd3 10. Qxd3 e6 11. Bf4 Qa5+ 12. Bd2 Bb4 13. c3 Be7 14. c4
Qc7 15. O-O-O Ngf6 16. Kb1 O-O 17. Ne4 Rad8 18. g4 Nxg4 19. Qe2 f5 20. Nc3
e5 21. Rdg1 Bf6 22. d5 e4 23. Ne1 Nde5 24. f3 exf3 25. Nxf3 cxd5 26. Nxe5
Qxe5 27. Qxe5 Nxe5 28. Bxh6 Ng4 29. Bd2 dxc4 30. Kc2 Rf7 31. Re1 Re7 32.
Rxe7 Bxe7 33. Rf1 Rf8 34. Nd5 Bd6 35. Kc3 b5 36. Bf4 Bxf4 37. Rxf4 Kh7 38.
a4 bxa4 39. Rxc4 Kh6 40. Rxa4 Rf7 41. Nf4 Kg5 42. Kd3 Nf6 43. Ke3 Re7+ 44.
Kf3 Nxh5 45. Nd5 Rd7 46. Ra5 Rb7 47. b4 Nf6 48. Nf4 g6 49. b5 Rb6 50. Ne2
Ne8 51. Nd4 Nc7 52. Kg3 a6 53. bxa6 Rxa6 54. Rc5 Ne6 55. Nf3+ Kf6 56. Rc3
g5 57. Rb3 Rd6 58. Ra3 Nd4 59. Rd3 0-1

[Event "15th ETC"]
[Site "Gothenburg SWE"]
[Date "2005.08.02"]
[Round "4"]
[White "Gyimesi,Z"]
[Black "San Segundo Carrillo,P"]
[Result "1/2-1/2"]
[WhiteElo "2628"]
[BlackElo "2514"]
[EventDate "2005.07.30"]

1. d4 d5 2. c4 c6 3. Nf3 Nf6 4. Nc3 dxc4 5. a4 Bf5 6. Ne5 Nbd7 7. Nxc4 Qc7
8. g3 e5 9. dxe5 Nxe5 10. Bf4 Nfd7 11. Bg2 g5 12. Ne3 gxf4 13. Nxf5 O-O-O
14. Qc2 Nc5 15. O-O fxg3 16. hxg3 a5 17. Rfd1 h5 18. Rxd8+ Qxd8 19. Rd1 Qf6
20. Ne4 Nxe4 21. Qxe4 Bb4 22. Qf4 Kb8 23. b3 Ka8 24. Nd6 Qe6 25. Nc4 Nxc4
26. Qxc4 Qe7 27. Rd4 Rh6 28. Bf3 Ka7 29. Kg2 f6 30. Qd3 Rh7 31. Re4 Qc7 32.
Qe3+ Qb6 33. Qf4 Be1 34. e3 Qxb3 35. Kf1 Bc3 36. Qf5 Rf7 37. Qc5+ Kb8 38.
Re8+ Kc7 39. Bxh5 Rd7 40. Bf3 Bb4 41. Qa7 Qb1+ 42. Kg2 Rh7 43. Qb8+ Kb6 44.
Qd8+ Ka7 45. Bd1 Qf5 46. Qa8+ Kb6 47. Qd8+ Ka7 1/2-1/2

[Event "15th ETC"]
[Site "Gothenburg SWE"]
[Date "2005.08.02"]
[Round "4"]
[White "Balogh,C"]
[Black "Del Rio Angelis,S"]
[Result "1-0"]
[WhiteElo "2537"]
[BlackElo "2470"]
[EventDate "2005.07.30"]

1. e4 c5 2. Nf3 d6 3. Nc3 Nf6 4. d4 cxd4 5. Nxd4 a6 6. Be3 Nc6 7. Qd2 e6 8.
O-O-O Be7 9. f3 O-O 10. g4 Nxd4 11. Qxd4 Nd7 12. Rg1 b5 13. g5 Qa5 14. Kb1
b4 15. Ne2 e5 16. Qd2 Nc5 17. Bg2 Be6 18. b3 Rfd8 19. f4 exf4 20. Nxf4 Bxg5
21. Bf3 Bxf4 22. Bxf4 f6 23. Qd4 Nd7 24. Qxd6 Nf8 25. Qe7 Bf7 26. Qxf6
Rxd1+ 27. Bxd1 Ng6 28. Qc6 Re8 29. Bc7 Qb5 30. Qxb5 axb5 31. Re1 Bd5 32. e5
Nf4 33. Bd6 Ng2 34. Re2 g5 35. Rd2 Nf4 36. Bxb4 Kg7 37. Bg4 Kg6 38. Bd6 Be6
39. Bf3 g4 40. Bc6 Rc8 41. Bb7 Rc3 42. Kb2 b4 43. a4 Bc8 44. Be4+ Bf5 45.
Bxb4 Rc8 46. Bb7 Rb8 47. Rd6+ Kg5 48. Bd2 Rxb7 49. Rd4 h5 50. Bxf4+ Kg6 51.
a5 1-0

[Event "15th ETC"]
[Site "Gothenburg SWE"]
[Date "2005.08.02"]
[Round "4"]
[White "Sepp,O"]
[Black "Borisek,J"]
[Result "0-1"]
[WhiteElo "2462"]
[BlackElo "2509"]
[EventDate "2005.07.30"]

1. e4 e5 2. Nf3 Nc6 3. Nc3 Nf6 4. d4 exd4 5. Nxd4 Bb4 6. Nxc6 bxc6 7. Bd3
O-O 8. O-O d5 9. exd5 cxd5 10. Bg5 c6 11. Qf3 Bd6 12. Rae1 Rb8 13. Nd1 h6
14. Bxf6 Qxf6 15. Qxf6 gxf6 16. b3 Kg7 17. Ne3 a5 18. Nf5+ Bxf5 19. Bxf5
Rfd8 20. Re3 a4 21. Rd1 Be5 22. Red3 axb3 23. axb3 Ra8 24. Kf1 Ra2 25. Rh3
Rda8 26. Rh4 R8a7 27. Ke2 Re7 28. Kf3 Bc3 29. Rg4+ Kh8 30. Rg3 Re5 31. Kf4
Ba5 32. Rh3 Bc7 33. Kg4 Kg7 34. f4 Re2 35. Rc3 Rxg2+ 36. Kf3 Rxh2 37. Rxc6
Bxf4 38. Rxd5 Be5 39. Rc8 Ra1 40. Bd3 Rg1 41. Rdd8 Rg3+ 42. Ke4 Rh4+ 43.
Kd5 Rd4+ 44. Kc6 Rxd8 45. Rxd8 h5 46. Bf5 Rf3 47. Be4 Rf4 48. Bd5 h4 49.
Rd7 h3 50. Rxf7+ Kg6 51. Rf8 h2 52. Rh8 Rd4 53. c4 f5 54. Rh3 Kg5 55. b4
Kg4 56. Rh6 Bg3 57. Bg2 Rxc4+ 58. Kb5 Rc1 59. Rg6+ Kf4 60. Rh6 Ke3 61. Bd5
f4 62. Rh3 Kf2 0-1

[Event "15th ETC"]
[Site "Gothenburg SWE"]
[Date "2005.08.02"]
[Round "4"]
[White "Mihalcisin,A"]
[Black "Kanep,M"]
[Result "1-0"]
[WhiteElo "2526"]
[BlackElo "2491"]
[EventDate "2005.07.30"]

1. Nf3 Nf6 2. c4 c6 3. d4 d5 4. e3 Bg4 5. h3 Bxf3 6. Qxf3 e6 7. Bd3 Nbd7 8.
g4 e5 9. cxd5 Nxd5 10. Nc3 Bb4 11. Bd2 exd4 12. exd4 O-O 13. O-O Nc7 14.
Rad1 Nb6 15. a3 Be7 16. Rfe1 Nbd5 17. Bb1 Qd7 18. Bf5 Qd8 19. Bb1 g6 20.
Be4 Qd7 21. Bxd5 Nxd5 22. Nxd5 cxd5 23. Re5 Rfd8 24. Rde1 Bd6 25. Rxd5 Qc6
26. Kg2 Re8 27. Be3 Re6 28. Rc1 Qa6 29. Bf4 Bxf4 30. Qxf4 Rae8 31. Re5 Rxe5
32. dxe5 Qa5 33. Qe4 Qxe5 34. Qxb7 Kg7 35. b4 Qf4 36. Rc3 Re1 37. Qd5 f5
38. Qb7+ Kh6 39. Rc7 Kg5 40. Rxh7 Re4 41. Qg7 1-0

[Event "15th ETC"]
[Site "Gothenburg SWE"]
[Date "2005.08.02"]
[Round "4"]
[White "Lenic,L"]
[Black "Seeman,T"]
[Result "1/2-1/2"]
[WhiteElo "2463"]
[BlackElo "2405"]
[EventDate "2005.07.30"]

1. d4 Nf6 2. c4 g6 3. Nc3 Bg7 4. e4 d6 5. Nf3 O-O 6. Be2 e5 7. O-O Na6 8.
Re1 c6 9. Rb1 exd4 10. Nxd4 Nc5 11. f3 a5 12. Be3 Nfd7 13. Bf2 a4 14. b4
axb3 15. axb3 Qe7 16. Bf1 Ne5 17. Kh1 Re8 18. Qd2 Ra3 19. Bg1 Qh4 20. Bf2
Qe7 21. h3 Qf8 22. f4 Ned7 23. Qc2 Nf6 24. g3 h5 25. Bg2 Nfd7 26. b4 Ne6
27. Nxe6 Rxe6 28. Ne2 Re8 29. Rb3 Rxb3 30. Qxb3 Qe7 31. Qd3 Nf8 32. Rd1 f5
33. Qxd6 Qxd6 34. Rxd6 fxe4 35. Bd4 Be6 36. Bxg7 Kxg7 37. Rd4 e3 38. b5 Ra8
39. bxc6 bxc6 40. Bxc6 Ra2 41. Bf3 Rc2 42. Rd3 Bxc4 43. Rxe3 Ne6 44. h4
Bxe2 45. Bxe2 Nd4 46. Bf1 Nf5 47. Rd3 Kf6 48. Kg1 Rb2 49. Ra3 Rd2 50. Bg2
Rd1+ 51. Kh2 Re1 52. Ra6+ Kg7 53. Ra7+ Kf6 54. Bd5 Re7 55. Ra6+ Kg7 56. Kh3
Re3 57. Ra7+ Kf8 58. Rf7+ Ke8 59. Rxf5 gxf5 60. Kg2 1/2-1/2

[Event "15th ETC"]
[Site "Gothenburg SWE"]
[Date "2005.08.02"]
[Round "4"]
[White "Kulaots,K"]
[Black "Pavasovic,D"]
[Result "0-1"]
[WhiteElo "2570"]
[BlackElo "2566"]
[EventDate "2005.07.30"]

1. e4 e5 2. Nf3 Nf6 3. Nxe5 d6 4. Nf3 Nxe4 5. d4 d5 6. Bd3 Nc6 7. O-O Be7
8. c4 Nb4 9. Be2 Be6 10. Nc3 O-O 11. Ne5 c5 12. Nxe4 dxe4 13. d5 Bc8 14. a3
Na6 15. Qc2 f6 16. Ng4 Qd6 17. f3 f5 18. Nf2 Bf6 19. fxe4 Be5 20. h3 Bd4
21. e5 Qxe5 22. Kh1 Bd7 23. Nd3 Qf6 24. Rb1 g5 25. b4 b6 26. Bd2 f4 27. Nf2
Bf5 28. Bd3 Rae8 29. Rbe1 Rxe1 30. Bxe1 Nb8 31. Bd2 Nd7 32. Bxf5 Qxf5 33.
Qxf5 Rxf5 34. Nd3 b5 35. g4 Rf8 36. Nxc5 Nxc5 37. bxc5 Bxc5 38. cxb5 Rd8
39. Bb4 Rxd5 40. Bxc5 Rxc5 41. a4 Rc4 42. Rd1 Rxa4 43. Rd7 Ra5 44. Rb7 Ra2
45. Kg1 h6 46. Rc7 Ra5 47. Rb7 a6 48. b6 Rb5 49. Kf2 a5 50. Ra7 Rxb6 51.
Rxa5 Kg7 52. h4 Kg6 53. hxg5 hxg5 54. Ra3 Kf6 55. Kf3 Rb5 56. Rc3 Ke5 57.
Ra3 Rc5 58. Rb3 Kd4 59. Rb4+ Rc4 60. Rb5 Rc3+ 61. Kf2 Rc5 62. Rb2 Ke5 63.
Rb3 Ke4 64. Rb4+ Kd5 65. Rb8 Ke5 66. Rd8 Ke4 67. Re8+ Re5 68. Ra8 Kd4 69.
Rd8+ Rd5 70. Re8 Kc5 71. Ra8 Kd6 72. Ra3 Ke5 73. Kf3 Rb5 74. Rd3 Rb1 75.
Ra3 Rg1 76. Ra5+ Kf6 77. Ra6+ Ke7 78. Ke4 Rxg4 79. Ke5 f3 80. Ra7+ Kd8 0-1

[Event "15th ETC"]
[Site "Gothenburg SWE"]
[Date "2005.08.02"]
[Round "4"]
[White "Neubauer,M"]
[Black "Stefansson,H"]
[Result "1/2-1/2"]
[WhiteElo "2468"]
[BlackElo "2579"]
[EventDate "2005.07.30"]

1. e4 e5 2. Nf3 Nc6 3. Bb5 a6 4. Ba4 Nf6 5. d4 exd4 6. O-O Be7 7. e5 Ne4 8.
Nxd4 Nxd4 9. Qxd4 Nc5 10. Nc3 O-O 11. Nd5 d6 1/2-1/2

[Event "15th ETC"]
[Site "Gothenburg SWE"]
[Date "2005.08.02"]
[Round "4"]
[White "Lehner,O"]
[Black "Thorfinnsson,Br"]
[Result "0-1"]
[WhiteElo "2428"]
[BlackElo "2448"]
[EventDate "2005.07.30"]

1. e4 c5 2. Nf3 d6 3. d4 cxd4 4. Nxd4 Nf6 5. Nc3 g6 6. Be3 Bg7 7. f3 a6 8.
Qd2 Nbd7 9. g4 b5 10. g5 Nh5 11. a4 bxa4 12. Rxa4 Bb7 13. Be2 O-O 14. Nb3
a5 15. O-O Bc6 16. Ra3 a4 17. Nd4 Bxd4 18. Qxd4 Nc5 19. Bc4 Rb8 20. Nd5 e6
21. Nf6+ Nxf6 22. gxf6 e5 23. Qd2 Bb5 24. Bxb5 Rxb5 25. Bh6 Re8 26. Bg7 Ne6
27. Qh6 Nf4 28. Kh1 Rxb2 29. Rg1 Qb6 30. Raa1 Rc8 31. Bh8 Ne6 32. c4 Kxh8
33. Rg3 Rxc4 0-1

[Event "15th ETC"]
[Site "Gothenburg SWE"]
[Date "2005.08.02"]
[Round "4"]
[White "Kristjansson,St"]
[Black "Pilaj,H"]
[Result "1-0"]
[WhiteElo "2459"]
[BlackElo "2425"]
[EventDate "2005.07.30"]

1. e4 c5 2. Nf3 Nc6 3. d4 cxd4 4. Nxd4 e5 5. Nb5 d6 6. a4 Be7 7. N1c3 a6 8.
Na3 Nf6 9. Bg5 O-O 10. Bxf6 Bxf6 11. Nc4 Be6 12. Qxd6 Bxc4 13. Qxd8 Bxd8
14. Bxc4 Ba5 15. O-O-O Bxc3 16. bxc3 Rac8 17. Ba2 Rfd8 18. Rxd8+ Rxd8 19.
Bd5 Kf8 20. Kd2 Ke7 21. Rb1 Na5 22. Kd3 Rd7 23. Rb6 f6 24. c4 Kd8 25. Kc3
Kc7 26. c5 Rd8 27. f3 Ra8 28. Kb4 Nc6+ 29. Bxc6 bxc6 30. Ka5 Rd8 31. Rxa6
Kb7 32. Rb6+ Kc7 33. Kb4 Rd2 34. Kc3 Rxg2 35. a5 Rxh2 36. a6 Rh1 37. Kb2
Rd1 38. Rb7+ Kc8 39. Rxg7 Kb8 40. Rb7+ Ka8 41. Rf7 Rf1 42. Rxf6 Ka7 43. Kc3
Kxa6 44. Rxc6+ Kb5 45. Rf6 Kxc5 46. Kd3 h5 47. Ke2 Rc1 48. Re6 Kd4 49. Rd6+
Kc4 50. Rd5 Rxc2+ 51. Ke3 h4 52. Rxe5 h3 53. Rh5 h2 54. Kf4 Rg2 55. Kf5 Kd4
56. f4 Ra2 57. e5 Kd5 58. e6 Re2 59. Kf6+ Kd6 60. f5 Rf2 61. e7 Re2 62.
Rxh2 1-0

[Event "15th ETC"]
[Site "Gothenburg SWE"]
[Date "2005.08.02"]
[Round "4"]
[White "Gunnarsson,Arn"]
[Black "Lendwai,R"]
[Result "1/2-1/2"]
[WhiteElo "2438"]
[BlackElo "2416"]
[EventDate "2005.07.30"]

1. Nf3 Nf6 2. c4 c6 3. g3 d5 4. Qc2 g6 5. Bg2 Bg7 6. O-O O-O 7. b3 Bg4 8.
Bb2 Nbd7 9. d4 Rc8 10. Nc3 Bf5 11. Qc1 Ne4 12. Nd1 Nd6 13. c5 Ne8 14. Nh4
Be6 15. f4 f5 16. Nf3 Ndf6 17. Nf2 Ne4 18. Ng5 Bf7 19. Nxf7 Rxf7 20. Nxe4
dxe4 21. e3 Nf6 22. Qd2 Nd5 23. Rf2 e6 24. Bf1 g5 25. Bc4 gxf4 26. gxf4 Kh8
27. Kh1 Bh6 28. Rg2 Rcc7 29. Bxd5 exd5 30. Qa5 Qb8 31. Rag1 Rg7 32. Qe1 Qd8
33. Qa5 Qb8 34. Bc3 Rxg2 35. Rxg2 Rg7 36. Be1 Rxg2 37. Kxg2 Kg8 38. b4 Qe8
39. Qxa7 Qh5 40. Qb8+ Bf8 41. Qe5 h6 42. Bf2 Bg7 43. Qe6+ Kh7 44. h4 Kh8
45. b5 cxb5 46. a3 Bf8 47. Qc8 Qf7 48. Kf1 Kg7 49. h5 Qxh5 50. Qxb7+ Kh8
51. Qxb5 Qd1+ 52. Kg2 Qf3+ 53. Kg1 Qg4+ 54. Kh2 Qh5+ 55. Kg2 Qf3+ 56. Kf1
Qd1+ 1/2-1/2

[Event "15th ETC"]
[Site "Gothenburg SWE"]
[Date "2005.08.02"]
[Round "4"]
[White "Sammalvuo,T"]
[Black "Lie,K"]
[Result "0-1"]
[WhiteElo "2441"]
[BlackElo "2472"]
[EventDate "2005.07.30"]

1. e4 c5 2. Nf3 e6 3. d4 cxd4 4. Nxd4 a6 5. Nc3 b5 6. Bd3 Qb6 7. Nf3 Nc6 8.
O-O Nge7 9. Re1 Qb8 10. Bf1 Ng6 11. a4 b4 12. Nd5 Bd6 13. Ne3 Nce5 14. Nxe5
Nxe5 15. b3 Bb7 16. Bb2 Qc7 17. Rc1 Rd8 18. c3 Qb8 19. cxb4 Bxb4 20. Qh5 d6
21. Red1 O-O 22. Nc4 Ng6 23. Qg4 Bc8 24. Qg3 e5 25. Ne3 Bc5 26. Bc4 Be6 27.
Nd5 Kh8 28. Kh1 f5 29. exf5 Rxf5 30. Ne7 Nxe7 31. Bxe6 Rxf2 32. Rxc5 Rxb2
33. Rc3 Rf8 34. Qg5 Rf6 35. Rdc1 Qf8 36. Bc4 h6 37. Qh5 d5 38. Bxa6 Rxa6
39. Qxe5 Rf6 40. Qe1 Rbf2 0-1

[Event "15th ETC"]
[Site "Gothenburg SWE"]
[Date "2005.08.02"]
[Round "4"]
[White "Maki Uuro,Mi"]
[Black "Nordahl,H"]
[Result "1/2-1/2"]
[WhiteElo "2390"]
[BlackElo "2423"]
[EventDate "2005.07.30"]

1. Nf3 d6 2. d4 Nf6 3. Nc3 g6 4. h3 Bg7 5. e4 O-O 6. Be3 a6 7. a4 b6 8. Bc4
Bb7 9. e5 Ne4 10. Nxe4 Bxe4 11. Ng5 d5 12. Nxe4 dxc4 13. O-O 1/2-1/2

[Event "15th ETC"]
[Site "Gothenburg SWE"]
[Date "2005.08.02"]
[Round "4"]
[White "Elsness,F"]
[Black "Karttunen,M"]
[Result "1/2-1/2"]
[WhiteElo "2440"]
[BlackElo "2409"]
[EventDate "2005.07.30"]

1. d4 d5 2. c4 c6 3. Nf3 Nf6 4. Nc3 dxc4 5. a4 Bf5 6. Ne5 Nbd7 7. Nxc4 Nb6
8. Ne5 a5 9. g3 e6 10. Bg2 Bb4 11. O-O O-O 12. e3 h6 13. Qe2 Bh7 14. Rd1
Nfd7 15. Nxd7 Nxd7 16. e4 Qe7 17. Be3 e5 18. d5 Nf6 19. Rac1 Rfc8 20. Na2
cxd5 21. exd5 Bf5 22. Nxb4 Qxb4 23. Qb5 Bc2 24. Bh3 Qxa4 25. Qxa4 Bxa4 26.
Bxc8 Bxd1 27. d6 Ba4 28. Bxb7 Rd8 29. Rc8 Rxc8 30. Bxc8 Bb5 31. Bd2 Ne4 32.
Bxa5 Nxd6 33. Bg4 f5 34. Bh5 Kf8 35. Bc3 e4 36. Bb4 Ke7 37. Bg6 Kf6 38. Bh5
Ke6 39. Bc3 g5 40. Bg7 g4 41. Bxh6 Nc4 42. Bg7 Nd2 43. Bc3 Nf3+ 44. Kg2 Ng5
45. Bg6 Nf3 46. Bh7 Ng5 47. Bg8+ Kd6 48. Bd2 Nf3 49. Bf4+ Ke7 50. Bd5 Ne1+
51. Kg1 Nf3+ 52. Kh1 Kd7 53. Bb8 Ba6 54. Ba7 Kd6 55. Bg8 Bd3 56. Bb8+ Kd7
57. b3 Bb5 58. Bf4 Bd3 59. Bc1 Bb5 60. Bd5 Bd3 61. Ba3 Bb5 62. Bb4 Bf1 63.
Bg8 Be2 64. Kg2 Bd3 65. Bh7 Ke6 66. Bc3 Be2 67. Bg6 Bb5 68. Bh5 Ke7 69. Bg6
Ke6 70. Bh7 Bd3 71. Bg8+ Kd6 72. Bf7 Bb5 73. Ba5 Ne5 74. Bb4+ Kd7 75. Bd5
Nf3 76. Bg8 Bd3 77. Ba5 Kd6 78. Bf7 Bb5 79. Bb4+ Kd7 80. Ba3 Ne1+ 81. Kh1
Nf3 82. Bd5 Bf1 83. Bb2 Kd6 84. Bb7 Kc7 85. Bd5 Kd6 86. Bf7 Bb5 87. Bc3 Ke7
88. Bg6 Ke6 89. Kg2 Ng5 90. Ba5 Kf6 91. Bh5 Kg7 92. Bd2 e3 93. Bxe3 Bc6+
94. Kf1 Nf3 95. Ke2 Bb5+ 96. Kd1 Nxh2 97. Bd4+ Kf8 98. Bg6 Bd7 99. Bf6 Nf3
100. Ke2 Be6 101. b4 Bd7 102. Ke3 Ng1 103. Kd2 Nh3 104. Ke2 Kg8 105. Ke3
Kf8 106. Bh5 Kg8 107. Bd4 Kf8 108. Kd3 Bb5+ 109. Kc3 Ng5 110. Be3 Ne4+ 111.
Kd4 Kg7 112. Ke5 Nf6 113. Kxf5 Nxh5 114. Kxg4 Kg6 115. Bd4 Be2+ 116. Kh4
Kf5 117. Bc3 Kg6 118. g4 Nf4 119. Bd2 Nd3 120. f4 Nf2 121. f5+ Kf7 122. g5
Bd3 123. Be1 Nd1 124. f6 Ne3 125. Kg3 Nd5 126. Bd2 Nxf6 127. gxf6 1/2-1/2

[Event "15th ETC"]
[Site "Gothenburg SWE"]
[Date "2005.08.02"]
[Round "4"]
[White "Dutreeuw,M"]
[Black "Bakalarz,M"]
[Result "1/2-1/2"]
[WhiteElo "2361"]
[BlackElo "2423"]
[EventDate "2005.07.30"]

1. e4 e5 2. Nf3 Nf6 3. Nxe5 d6 4. Nf3 Nxe4 5. Bd3 Nc5 6. Be2 d5 7. d4 Ne4
8. O-O Nc6 9. c4 dxc4 10. Bxc4 Nd6 11. Be2 Be7 12. Nc3 O-O 13. d5 Nb8 14.
Bf4 Nd7 15. Rc1 a6 16. h3 Re8 17. Qc2 Nc5 18. g4 Bf6 19. Rfe1 a5 20. Bf1
Bd7 21. Ne5 Bg5 22. Qd2 Bxf4 23. Qxf4 1/2-1/2

[Event "15th ETC"]
[Site "Gothenburg SWE"]
[Date "2005.08.02"]
[Round "4"]
[White "Claesen,P"]
[Black "Berend,E"]
[Result "1-0"]
[WhiteElo "2384"]
[BlackElo "2350"]
[EventDate "2005.07.30"]

1. c4 g6 2. Nc3 Bg7 3. g3 e5 4. Bg2 d6 5. e3 Nh6 6. Nge2 O-O 7. O-O Nc6 8.
b3 Be6 9. d4 Bg4 10. h3 exd4 11. exd4 Bxe2 12. Nxe2 Nf5 13. Bb2 a5 14. Bc3
Re8 15. Qd2 Qb8 16. d5 Bxc3 17. Nxc3 Ne5 18. Ne4 Nd7 19. h4 Qa7 20. Rad1
Rxe4 21. Bxe4 Nxg3 22. Rfe1 Nf6 23. Bg2 Kg7 24. Qc3 Nf5 25. Re4 Qb8 26. Bh3
Nh6 27. Rde1 Nhg8 28. Rf4 Qd8 29. Re3 h5 30. Rd4 Kh7 31. Rf4 Kg7 32. Qd4
Kf8 33. Rg3 Qe7 34. Kg2 Qe5 35. Re3 Qxd4 36. Rxd4 Kg7 37. f4 Kf8 38. f5
gxf5 39. Bxf5 Nh6 40. Rf4 c6 41. dxc6 bxc6 42. Bh3 Nhg8 43. Rf5 Ra7 44. Kg3
d5 45. Bg2 a4 46. cxd5 axb3 47. axb3 cxd5 48. Bf3 Ra2 49. Bxh5 d4 50. Rd3
Ne4+ 51. Kf4 Nd6 52. Rd5 Nf6 53. Rxd6 Nxh5+ 54. Ke5 Re2+ 55. Kxd4 Ng7 56.
Rf3 Ne6+ 57. Kc3 Ke7 58. Ra6 Rh2 59. Ra7+ Kd6 60. Ra4 Nc7 61. Kd3 Ne6 62.
Ra6+ Ke5 63. Ra5+ Kd6 64. Rh5 Rb2 65. Kc4 Rc2+ 66. Kd3 Rb2 67. Kc4 Rc2+ 68.
Kb4 Rc7 69. Rh7 Rb7+ 70. Ka3 Nd4 71. Rhxf7 1-0

[Event "15th ETC"]
[Site "Gothenburg SWE"]
[Date "2005.08.02"]
[Round "4"]
[White "Spice,A"]
[Black "Orr,M"]
[Result "1/2-1/2"]
[WhiteElo "2175"]
[BlackElo "2305"]
[EventDate "2005.07.30"]

1. Nc3 d5 2. e4 Nf6 3. exd5 Nxd5 4. Bc4 e6 5. Qe2 Nb6 6. Bb3 Nc6 7. Nf3 Be7
8. O-O O-O 9. a3 e5 10. d3 Bg4 11. Be3 Nd4 12. Bxd4 exd4 13. Ne4 Nd5 14. h3
Nf4 15. Qd2 Nxh3+ 16. gxh3 Bxf3 17. Qf4 Bxe4 18. Qxe4 c6 19. Rae1 Bf6 20.
Qg4 a5 21. a4 Re8 22. Re4 Rxe4 23. Qxe4 Qd7 24. Re1 g6 25. Kg2 Kf8 26. Qf3
Kg7 27. Re4 Re8 28. Qe2 Rxe4 29. Qxe4 Qe7 30. Qxe7 Bxe7 31. Bc4 Bg5 32. Kf3
Bc1 33. b4 axb4 34. Ke4 Bb2 35. Ke5 Bc3 36. Kd6 b3 37. cxb3 Ba5 38. Kc5 Kf6
39. f3 Ke7 1/2-1/2

[Event "15th ETC"]
[Site "Gothenburg SWE"]
[Date "2005.08.02"]
[Round "4"]
[White "Atakisi,U"]
[Black "Antoniou,A"]
[Result "1-0"]
[WhiteElo "2437"]
[BlackElo "2198"]
[EventDate "2005.07.30"]

1. e4 e5 2. Nf3 Nc6 3. Bb5 Nf6 4. d3 Bc5 5. Nc3 d6 6. Na4 Bb6 7. c3 h6 8.
h3 O-O 9. O-O Ne7 10. Nxb6 axb6 11. Ba4 Ng6 12. Bc2 Nh7 13. d4 Qf6 14. Re1
Ng5 15. Nxg5 hxg5 16. Qh5 Nf4 17. Bxf4 gxf4 18. dxe5 dxe5 19. Bb3 g5 20.
Qe2 Kg7 21. f3 Rh8 22. Qf1 Rh6 23. Kf2 g4 24. hxg4 Rh2 25. Ke2 Qg5 26. Qg1
Rh6 27. Kd3 Qh4 28. Kc2 Qg3 29. Re2 Qh4 30. Rd1 Qe7 31. Red2 b5 32. Qf1 b4
33. cxb4 Qxb4 34. Kb1 Be6 35. Rd3 Bc4 36. Bxc4 Qxc4 37. Rb3 Qxf1 38. Rxf1
Rd6 39. Rxb7 Rd2 40. Rxc7 Rad8 41. Rc2 Rd1+ 42. Rxd1 Rxd1+ 43. Rc1 1-0

[Event "15th ETC"]
[Site "Gothenburg SWE"]
[Date "2005.08.03"]
[Round "5"]
[White "Van Wely,L"]
[Black "Bacrot,E"]
[Result "1/2-1/2"]
[WhiteElo "2655"]
[BlackElo "2729"]
[EventDate "2005.07.30"]

1. d4 d5 2. c4 c6 3. Nc3 Nf6 4. Nf3 e6 5. Bg5 Nbd7 6. e3 Qa5 7. Nd2 Bb4 8.
Qc2 O-O 9. Be2 c5 10. Nb3 Qa4 11. Bxf6 Nxf6 12. dxc5 dxc4 13. Bxc4 Qc6 14.
O-O Bxc5 15. Nxc5 Qxc5 16. Ne4 Nxe4 17. Qxe4 Qb6 18. Rad1 Qxb2 19. Rd4 Qa3
20. Rfd1 Qe7 21. h4 Qf6 22. h5 Rb8 23. h6 g6 24. Bb3 b5 25. Rd8 Rxd8 26.
Rxd8+ Qxd8 27. Qe5 f6 28. Qxb8 Qd7 29. g4 Kf7 30. f4 Ke7 31. g5 fxg5 32.
fxg5 a5 33. Qe5 Qc6 34. Kf2 a4 35. Bd1 Bb7 36. Be2 Qg2+ 37. Ke1 Qh1+ 38.
Kf2 Qh4+ 39. Kf1 Qh1+ 40. Kf2 Qh4+ 41. Kf1 1/2-1/2

[Event "15th ETC"]
[Site "Gothenburg SWE"]
[Date "2005.08.03"]
[Round "5"]
[White "Tiviakov,S"]
[Black "Fressinet,L"]
[Result "1/2-1/2"]
[WhiteElo "2678"]
[BlackElo "2627"]
[EventDate "2005.07.30"]

1. e4 e5 2. Nf3 d6 3. d4 exd4 4. Nxd4 Nf6 5. Nc3 Be7 6. Be2 O-O 7. O-O Re8
8. f4 Bf8 9. Bf3 c5 10. Nb3 Nc6 11. Be3 a5 12. a4 Nb4 13. Bf2 Bd7 14. Bh4
Bc6 15. Nd5 Nbxd5 16. exd5 Bd7 17. Nd2 Be7 18. Bf2 b5 19. axb5 Bxb5 20. Re1
Qc7 21. Ra3 Rab8 22. Rae3 Bf8 23. Bh4 Rxe3 24. Rxe3 Ne8 25. b3 a4 26. c4
Bd7 27. bxa4 Qa5 28. Ra3 Rb4 29. Be1 Rxa4 30. Rxa4 1/2-1/2

[Event "15th ETC"]
[Site "Gothenburg SWE"]
[Date "2005.08.03"]
[Round "5"]
[White "Lautier,J"]
[Black "Sokolov,I"]
[Result "1/2-1/2"]
[WhiteElo "2672"]
[BlackElo "2691"]
[EventDate "2005.07.30"]

1. d4 d5 2. c4 c6 3. Nf3 Nf6 4. Nc3 dxc4 5. a4 Bf5 6. e3 e6 7. Bxc4 Bb4 8.
O-O Nbd7 9. Qe2 Bg4 10. h3 Bh5 11. Rd1 O-O 12. e4 Qe7 13. e5 Nd5 14. Ne4 f5
15. exf6 N7xf6 16. Ng3 Bxf3 17. Qxf3 a5 18. Qe2 Rae8 19. Bd2 Nd7 20. Ne4
Kh8 21. Nc3 Qh4 22. Ne4 Bxd2 23. Rxd2 Nf4 24. Qg4 Qe7 25. Qg3 Nb6 26. Bf1
Nbd5 27. Qa3 Qh4 28. Re1 Qh6 29. Rdd1 Nb4 30. Qc3 Rd8 31. Kh2 Rf5 32. g3
Nfd5 33. Qd2 Qxd2 34. Rxd2 Nb6 35. b3 e5 36. Nc5 exd4 37. Rxd4 Rg8 38. Rc1
Rxf2+ 39. Kg1 Rf7 40. Rd6 N6d5 41. Bg2 Re8 42. Rf1 Rfe7 43. h4 Nf6 44. Bf3
h6 45. g4 Nfd5 46. g5 Ne3 47. Bh5 Nxf1 48. Bxe8 Rxe8 49. Kxf1 hxg5 50. hxg5
b6 51. Nd7 b5 52. g6 bxa4 53. bxa4 Rd8 54. Re6 Kg8 55. Kg1 Nd5 56. Ne5 Nb4
57. Nxc6 Nxc6 58. Rxc6 Kf8 59. Rc5 Rd6 1/2-1/2

[Event "15th ETC"]
[Site "Gothenburg SWE"]
[Date "2005.08.03"]
[Round "5"]
[White "Avrukh,B"]
[Black "Guseinov,G"]
[Result "1-0"]
[WhiteElo "2652"]
[BlackElo "2585"]
[EventDate "2005.07.30"]

1. d4 Nf6 2. c4 g6 3. Nc3 Bg7 4. e4 d6 5. Be2 O-O 6. Nf3 Bg4 7. Be3 Nfd7 8.
d5 c5 9. O-O Bxf3 10. gxf3 Na6 11. f4 Nc7 12. f5 a6 13. Rc1 b5 14. b3 bxc4
15. bxc4 Rb8 16. Qd2 Rb4 17. Kh1 Qb8 18. Rc2 Ne5 19. Nd1 Rb1 20. f4 Nd7 21.
Bd3 Qb4 22. Qe2 Kh8 23. Bd2 Qb7 24. Nf2 Rxf1+ 25. Qxf1 gxf5 26. exf5 Bd4
27. Ne4 Rg8 28. Ng5 f6 29. Nf3 Nxd5 30. Be4 Ne3 31. Bxb7 Nxf1 32. Bxa6 Nxd2
33. Rxd2 Be3 34. Rg2 Ra8 35. Bb5 Nb6 36. a4 Nxa4 37. Bc6 Ra6 38. Bd5 h5 39.
Nh4 Kh7 40. Ng6 1-0

[Event "15th ETC"]
[Site "Gothenburg SWE"]
[Date "2005.08.03"]
[Round "5"]
[White "Kempinski,R"]
[Black "Navara,D"]
[Result "1/2-1/2"]
[WhiteElo "2619"]
[BlackElo "2663"]
[EventDate "2005.07.30"]

1. d4 Nf6 2. c4 g6 3. g3 Bg7 4. Bg2 d5 5. cxd5 Nxd5 6. e4 Nb4 7. d5 c6 8.
a3 Qa5 9. Nc3 cxd5 10. Be3 Nc2+ 11. Qxc2 d4 12. b4 Qc7 13. Bxd4 Bxd4 14.
Nge2 Bxc3+ 15. Nxc3 Be6 16. Rc1 Nd7 17. O-O Rc8 18. Qb2 O-O 19. Nd5 Qd6 20.
e5 Nxe5 21. Nxe7+ Qxe7 22. Qxe5 b6 23. Bh3 Rce8 24. Bxe6 Qxe6 25. Qxe6 Rxe6
26. Rfe1 Rf6 27. Rc7 a6 28. Rec1 Rf3 29. a4 Ra3 30. R1c6 Rxa4 31. Rxb6 a5
32. b5 Rb4 33. Ra7 a4 34. Kg2 g5 35. h3 h5 36. Rc7 Kg7 37. Rc5 f6 38. Ra6
Rf7 39. b6 Kg6 40. Rca5 Rb7 41. Rxa4 Rxa4 1/2-1/2